Cambridge English Key Four practice tests: Key (Ket)
Gồm 4 bài kiểm tra thực hành kèm hướng dẫn rõ ràng cho bài kiểm tra và lời khuyên thực tế về cách sửa. Sách kèm CD và MP3 cho bài thuyết trình nghe và nói.
Guardado en:
| Autor principal: | |
|---|---|
| Formato: | Libro |
| Lenguaje: | Undetermined |
| Publicado: |
Viet Nam
Cty TNHH Nhân Trí Việt
2014
|
| Materias: | |
| Acceso en línea: | http://lrc.tdmu.edu.vn/opac/search/detail.asp?aID=2&ID=33963 |
| Etiquetas: |
Agregar Etiqueta
Sin Etiquetas, Sea el primero en etiquetar este registro!
|
| Thư viện lưu trữ: | Trung tâm Học liệu Trường Đại học Thủ Dầu Một |
|---|
| LEADER | 00901nam a2200205Ia 4500 | ||
|---|---|---|---|
| 001 | TDMU_33963 | ||
| 008 | 210410s9999 xx 000 0 und d | ||
| 082 | |a 158.1 | ||
| 090 | |b C428 | ||
| 100 | |a Collins | ||
| 245 | 0 | |a Cambridge English Key Four practice tests: Key (Ket) | |
| 245 | 0 | |c Collins | |
| 260 | |a Viet Nam | ||
| 260 | |b Cty TNHH Nhân Trí Việt | ||
| 260 | |c 2014 | ||
| 300 | |a 172tr. | ||
| 520 | |a Gồm 4 bài kiểm tra thực hành kèm hướng dẫn rõ ràng cho bài kiểm tra và lời khuyên thực tế về cách sửa. Sách kèm CD và MP3 cho bài thuyết trình nghe và nói. | ||
| 650 | |a Sách luyện thi |x Key (Ket) |x Trình độ sơ cấp; Key (Ket) |x Elementary | ||
| 856 | |u http://lrc.tdmu.edu.vn/opac/search/detail.asp?aID=2&ID=33963 | ||
| 980 | |a Trung tâm Học liệu Trường Đại học Thủ Dầu Một | ||